| 000 | 00791nam a22002177a 4500 | ||
|---|---|---|---|
| 005 | 20110902154315.0 | ||
| 010 | _aG-001391 | ||
| 020 |
_a9788190568920 _c400.00 |
||
| 035 | _aG-001391 | ||
| 037 | _bGift | ||
| 082 | _a305.568 | ||
| 100 |
_aAmbedkar, B.R. _91466 |
||
| 245 |
_aThe untouchables / _cby B.R. Ambedkar |
||
| 260 |
_aDelhi _bSiddharth Books _c2008(repr.) |
||
| 270 |
_bDelhi _e110093 _aChandan Sadan, C-263A, Street No.-9, Hardevpuri, Shahdara |
||
| 300 |
_a168p. _c23cm (Hb) |
||
| 700 | _910604 | ||
| 942 |
_2ddc _cEN _h305.568 _mAMB |
||
| 999 |
_c56235 _d56235 |
||